[Event "2 Bundesliga Mitte 2007/2008"]
[Site "VOecklabruck"]
[Date "2008.03.02"]
[Round "9"]
[Board "4"]
[White "Aschenbrenner, Robert"]
[Black "Benda, Herbert"]
[Result "0-1"]
[WhiteElo "2304"]
[BlackElo "2274"]
[PlyCount "68"]
[EventDate "2007.10.13"]
[EventType "team"]
[EventRounds "11"]
[EventCountry "AUT"]
[WhiteTeam "ESV Austria Graz"]
[BlackTeam "SK Leoben"]

1.d4 d5 2.c4 c6 3.Nf3 Nf6 4.e3 e6 5.Nbd2 Nbd7 6.b3 Bd6 7.Bb2 O-O 8.Bd3 b6 9.O-O
Bb7 10.Ne5 Rc8 11.f4 c5 12.Qc2 g6 13.Rad1 cxd4 14.exd4 Bxe5 15.fxe5 Ng4 16.Rde1
dxc4 17.bxc4 Qh4 18.Nf3 Bxf3 19.gxf3 Nh6 20.Qd2 Rfd8 21.Re4 Qh3 22.Qf2 Nf5
23.Rg4 Qh5 24.Qe2 Nb8 25.d5 Nd7 26.Bc1 Nc5 27.Rg5 Qh4 28.Bxf5 exf5 29.Kh1 b5
30.Qg2 Qxc4 31.Rh5 Nd3 32.Rxh7 Kxh7 33.Qh3+ Kg8 34.Qh6 Nxc1

[Event "2 Bundesliga Mitte 2007/2008"]
[Site "VOecklabruck"]
[Date "2008.03.02"]
[Round "9"]
[Board "5"]
[White "Bachler, Reinhard"]
[Black "Kubinger, Thomas"]
[Result "1/2-1/2"]
[WhiteElo "2253"]
[BlackElo "2177"]
[PlyCount "29"]
[EventDate "2007.10.13"]
[EventType "team"]
[EventRounds "11"]
[EventCountry "AUT"]
[WhiteTeam "SK Leoben"]
[BlackTeam "ESV Austria Graz"]

1.e4 e6 2.d3 d5 3.Nd2 c5 4.g3 Nf6 5.Bg2 Nc6 6.Ngf3 Be7 7.O-O b6 8.e5 Nd7 9.Re1
Qc7 10.Qe2 g5 11.Bh3 h5 12.g4 hxg4 13.Bxg4 Bb7 14.Nf1 O-O-O 15.Ng3

[Event "2 Bundesliga Mitte 2007/2008"]
[Site "VOecklabruck"]
[Date "2008.03.02"]
[Round "9"]
[Board "6"]
[White "Schrittwieser, Herbert"]
[Black "Sandner, Wolfgang"]
[Result "1/2-1/2"]
[WhiteElo "2200"]
[BlackElo "2225"]
[PlyCount "51"]
[EventDate "2007.10.13"]
[EventType "team"]
[EventRounds "11"]
[EventCountry "AUT"]
[WhiteTeam "ESV Austria Graz"]
[BlackTeam "SK Leoben"]

1.Nf3 f5 2.c4 Nf6 3.g3 g6 4.Bg2 Bg7 5.O-O d6 6.d4 c6 7.Nc3 O-O 8.Rb1 Qe8 9.d5
Na6 10.Nd4 cxd5 11.cxd5 Kh8 12.b4 h6 13.Qd3 Ng4 14.f4 Qd8 15.e3 Qb6 16.Na4 Qd8
17.h3 Nf6 18.Nc3 Qb6 19.Na4 Qd8 20.Kh2 Bd7 21.Nc3 Qb6 22.a3 Rfc8 23.Bb2 Nc7
24.Rfd1 a5 25.b5 a4 26.Rdc1

[Event "2 Bundesliga Mitte 2007/2008"]
[Site "VOecklabruck"]
[Date "2008.03.02"]
[Round "9"]
[Board "1"]
[White "Sommerbauer, Norbert"]
[Black "Diermair, Andreas"]
[Result "1/2-1/2"]
[WhiteElo "2474"]
[BlackElo "2363"]
[PlyCount "35"]
[EventDate "2007.10.13"]
[EventType "team"]
[EventRounds "11"]
[EventCountry "AUT"]
[WhiteTeam "SpG VOecklabruck"]
[BlackTeam "SV Frauental"]

1.c4 c6 2.e4 d5 3.cxd5 cxd5 4.exd5 Nf6 5.Nc3 Nxd5 6.Nf3 Nc6 7.Bb5 e6 8.O-O Be7
9.d4 O-O 10.Re1 Bd7 11.Nxd5 exd5 12.Bf4 Bf6 13.Bxc6 Bxc6 14.Qd2 Re8 15.Rxe8+
Bxe8 16.Bg5 Bxg5 17.Nxg5 f6 18.Ne6

[Event "2 Bundesliga Mitte 2007/2008"]
[Site "VOecklabruck"]
[Date "2008.03.02"]
[Round "9"]
[Board "2"]
[White "Cigan, Stefan"]
[Black "Konopka, Michal"]
[Result "1/2-1/2"]
[WhiteElo "2367"]
[BlackElo "2433"]
[PlyCount "78"]
[EventDate "2007.10.13"]
[EventType "team"]
[EventRounds "11"]
[EventCountry "AUT"]
[WhiteTeam "SV Frauental"]
[BlackTeam "SpG VOecklabruck"]

1.e4 Nf6 2.e5 Nd5 3.d4 d6 4.c4 Nb6 5.exd6 cxd6 6.Nc3 g6 7.Be3 Bg7 8.Rc1 O-O 9.b3
e5 10.dxe5 dxe5 11.Qxd8 Rxd8 12.c5 N6d7 13.Nf3 Nc6 14.Bc4 h6 15.O-O Nf8 16.Nb5
Be6 17.Nd6 Bxc4 18.Rxc4 Rd7 19.g4 Ne6 20.b4 a6 21.Rfc1 Rf8 22.a4 f5 23.gxf5 gxf5
24.Bd2 e4 25.b5 axb5 26.axb5 exf3 27.bxc6 bxc6 28.Bc3 Ng5 29.h4 Nh3+ 30.Kf1 Re7
31.Re1 Ra7 32.Re3 Bxc3 33.Rcxc3 Nf4 34.Rc1 Nd5 35.Rxf3 f4 36.Kg2 Rb8 37.Nc4 Rg7+
38.Kh3 Re8 39.Nb6 Re4

[Event "2 Bundesliga Mitte 2007/2008"]
[Site "VOecklabruck"]
[Date "2008.03.02"]
[Round "9"]
[Board "3"]
[White "Hirneise, Tobias"]
[Black "Schnider, Gert"]
[Result "1-0"]
[WhiteElo "2287"]
[BlackElo "2273"]
[PlyCount "93"]
[EventDate "2007.10.13"]
[EventType "team"]
[EventRounds "11"]
[EventCountry "AUT"]
[WhiteTeam "SpG VOecklabruck"]
[BlackTeam "SV Frauental"]

1.e4 c6 2.d4 d5 3.exd5 cxd5 4.c4 Nf6 5.Nc3 e6 6.Nf3 Bb4 7.cxd5 Nxd5 8.Bd2 Nc6
9.a3 Be7 10.Bd3 O-O 11.h4 Nxc3 12.bxc3 f5 13.Qe2 Qe8 14.Bf4 Qh5 15.Bc4 Kh8
16.Ng5 Qxe2+ 17.Kxe2 Nd8 18.Rhe1 Bd7 19.Kd2 Rc8 20.Bb3 Re8 21.g3 Bf6 22.Re2 h6
23.Nf3 Nc6 24.Rae1 Na5 25.Bxe6 Bxe6 26.Rxe6 Nc4+ 27.Kd3 Rxe6 28.Rxe6 Nxa3
29.Bxh6 Nc4 30.Bc1 a5 31.Nd2 Nxd2 32.Bxd2 Ra8 33.Rb6 Ra7 34.Kc2 Kh7 35.Bg5 Bxg5
36.hxg5 a4 37.Kb2 a3+ 38.Ka2 Ra4 39.Rxb7 Kg6 40.Rb3 Kxg5 41.Rxa3 Rc4 42.Kb3 Rc8
43.c4 Kg4 44.c5 Kf3 45.Kc4+ Kxf2 46.d5 g5 47.d6

[Event "2 Bundesliga Mitte 2007/2008"]
[Site "VOecklabruck"]
[Date "2008.03.02"]
[Round "9"]
[Board "4"]
[White "Raffalt, Manfred"]
[Black "Ennsberger, Ulrich"]
[Result "0-1"]
[WhiteElo "2153"]
[BlackElo "2284"]
[PlyCount "138"]
[EventDate "2007.10.13"]
[EventType "team"]
[EventRounds "11"]
[EventCountry "AUT"]
[WhiteTeam "SV Frauental"]
[BlackTeam "SpG VOecklabruck"]

1.d4 Nf6 2.c4 c5 3.d5 b5 4.Nd2 bxc4 5.e4 g6 6.Bxc4 d6 7.b3 Bg7 8.Bb2 O-O 9.Ngf3
Nbd7 10.Qc2 Nb6 11.O-O Qc7 12.Rfe1 Re8 13.Bc3 Bd7 14.Rad1 Qb7 15.Bf1 Rab8 16.h3
h6 17.Nc4 Rbd8 18.Qd2 Kh7 19.Qc2 Nxc4 20.Bxc4 e5 21.dxe6 Bxe6 22.Ba5 Rd7 23.e5
dxe5 24.Bxe6 Rxe6 25.Rxe5 Rxe5 26.Nxe5 Rd5 27.Nf3 Ne4 28.Be1 f5 29.Rd3 Qd7
30.Rxd5 Qxd5 31.Nd2 Nc3 32.Nc4 Ne4 33.Nd2 Nc3 34.Nc4 Nb5 35.Ne3 Qd4 36.Qd1 Qb2
37.Qc2 Qa1 38.Nd1 Nd4 39.Qd2 h5 40.Kh2 Be5+ 41.f4 Bf6 42.Ne3 Qb1 43.Nd5 Bd8
44.Nc3 Qc2 45.Qe3 Kg7 46.Nd5 Kf7 47.Bc3 Qe4 48.Qxe4 fxe4 49.Bd2 Ke6 50.Nc3 Kf5
51.Be3 h4 52.Na4 Bc7 53.Kg1 Bxf4 54.Bxf4 Kxf4 55.Nxc5 e3 56.Kf1 Kg3 57.Ne4+ Kh2
58.b4 e2+ 59.Kf2 Nc2 60.Kxe2 Nxb4 61.Kf3 Nxa2 62.Kg4 Kxg2 63.Kxh4 Kf3 64.Nc5 Kf4
65.Na6 Nc3 66.Nb4 Ne4 67.Nd3+ Kf5 68.Nb2 g5+ 69.Kh5 Nf2

[Event "2 Bundesliga Mitte 2007/2008"]
[Site "VOecklabruck"]
[Date "2008.03.02"]
[Round "9"]
[Board "5"]
[White "Hofmair, Klaus"]
[Black "Weber, Christoph"]
[Result "1/2-1/2"]
[WhiteElo "2278"]
[BlackElo "2194"]
[PlyCount "29"]
[EventDate "2007.10.13"]
[EventType "team"]
[EventRounds "11"]
[EventCountry "AUT"]
[WhiteTeam "SpG VOecklabruck"]
[BlackTeam "SV Frauental"]

1.e4 c5 2.d4 cxd4 3.c3 dxc3 4.Nxc3 e6 5.Nf3 a6 6.Bc4 b5 7.Bb3 Bb7 8.Qe2 d6 9.O-O
Nd7 10.Rd1 Ngf6 11.a3 Be7 12.Bf4 Qb6 13.Be3 Qa5 14.Bd2 Qb6 15.Be3

[Event "2 Bundesliga Mitte 2007/2008"]
[Site "VOecklabruck"]
[Date "2008.03.02"]
[Round "9"]
[Board "6"]
[White "Schreiner, Peter"]
[Black "Gneiss, Karl"]
[Result "1/2-1/2"]
[WhiteElo "2088"]
[BlackElo "2119"]
[PlyCount "111"]
[EventDate "2007.10.13"]
[EventType "team"]
[EventRounds "11"]
[EventCountry "AUT"]
[WhiteTeam "SV Frauental"]
[BlackTeam "SpG VOecklabruck"]

1.Nf3 c5 2.g3 Nc6 3.Bg2 Nf6 4.O-O g6 5.d3 Bg7 6.c4 O-O 7.Nc3 d5 8.cxd5 Nxd5
9.Bd2 e6 10.Rc1 b6 11.a3 Bb7 12.Nxd5 exd5 13.b4 Qe7 14.bxc5 bxc5 15.Qc2 Rac8
16.Rfe1 Nd4 17.Nxd4 Bxd4 18.Qb3 Rfd8 19.Rb1 Ba8 20.Ba5 Rd6 21.Qa2 Ra6 22.Qd2 Qd7
23.Rec1 Bg7 24.Rc2 Bf8 25.Rcb2 Bd6 26.Rc2 Qa4 27.Bc3 d4 28.Bb2 Bxg2 29.Kxg2 Rb8
30.Rf1 Rab6 31.Bc1 Rb1 32.Rc4 Qc6+ 33.Kg1 Ra1 34.Rc2 Rb3 35.Qg5 Bf8 36.Qe5 Rbxa3
37.Qxd4 cxd4 38.Rxc6 Rc3 39.Rc4 Rxc4 40.dxc4 Ra2 41.Bg5 Rxe2 42.Bf6 d3 43.Rd1 d2
44.Kf1 Re6 45.Bd4 Bb4 46.Be3 f5 47.c5 Kf7 48.Bxd2 Bxc5 49.Ra1 Bb6 50.Bf4 Rc6
51.Ra2 Re6 52.Ra6 Ke7 53.Bb8 Bc5 54.Ra5 Bb6 55.Ra6 Bc5 56.Ra5

[Event "2 Bundesliga Mitte 2007/2008"]
[Site "VOecklabruck"]
[Date "2008.03.02"]
[Round "9"]
[Board "1"]
[White "Pinter, Jozsef"]
[Black "Tratar, Marko"]
[Result "1/2-1/2"]
[WhiteElo "2533"]
[BlackElo "2502"]
[PlyCount "65"]
[EventDate "2007.10.13"]
[EventType "team"]
[EventRounds "11"]
[EventCountry "AUT"]
[WhiteTeam "SK Sparkasse Fuerstenfeld"]
[BlackTeam "Kl Zeitung MPOe Maria Saal"]

1.d4 d6 2.Nf3 Nf6 3.c4 g6 4.Nc3 Bg7 5.e4 O-O 6.Be2 e5 7.O-O c6 8.Be3 Na6 9.d5
Ng4 10.Bg5 f6 11.Bh4 c5 12.Ne1 Nh6 13.Nd3 Bd7 14.Qd2 Nf7 15.a3 Bh6 16.Qc2 b6
17.Rae1 Nc7 18.b4 Ne8 19.Bd1 Bg5 20.Bg3 Ng7 21.h3 Qc8 22.bxc5 bxc5 23.Be2 Rb8
24.Rb1 Qc7 25.Nb5 Qa5 26.f4 exf4 27.Be1 Qb6 28.Nxf4 a6 29.Nc3 Qc7 30.Rxb8 Rxb8
31.h4 Bh6 32.Bd2 Qb6 33.Rb1

[Event "2 Bundesliga Mitte 2007/2008"]
[Site "VOecklabruck"]
[Date "2008.03.02"]
[Round "9"]
[Board "2"]
[White "Ertl, Johann"]
[Black "Kuba, Guenter"]
[Result "1/2-1/2"]
[WhiteElo "2234"]
[BlackElo "2396"]
[PlyCount "35"]
[EventDate "2007.10.13"]
[EventType "team"]
[EventRounds "11"]
[EventCountry "AUT"]
[WhiteTeam "Kl Zeitung MPOe Maria Saal"]
[BlackTeam "SK Sparkasse Fuerstenfeld"]

1.e4 e5 2.Nf3 Nc6 3.Bc4 Bc5 4.c3 Nf6 5.d3 a6 6.Bb3 O-O 7.Nbd2 h6 8.O-O Re8 9.Re1
Ba7 10.Nf1 d5 11.Qe2 Be6 12.Ng3 Qd7 13.Be3 Bxe3 14.Qxe3 Rad8 15.Qe2 dxe4 16.dxe4
Bxb3 17.axb3 Qe6 18.Qc4

[Event "2 Bundesliga Mitte 2007/2008"]
[Site "VOecklabruck"]
[Date "2008.03.02"]
[Round "9"]
[Board "3"]
[White "Wach, Markus"]
[Black "Horvath, Gabor"]
[Result "1-0"]
[WhiteElo "2386"]
[BlackElo "2292"]
[PlyCount "43"]
[EventDate "2007.10.13"]
[EventType "team"]
[EventRounds "11"]
[EventCountry "AUT"]
[WhiteTeam "SK Sparkasse Fuerstenfeld"]
[BlackTeam "Kl Zeitung MPOe Maria Saal"]

1.e4 c5 2.Nf3 Nc6 3.Bb5 e6 4.Bxc6 bxc6 5.d3 Ne7 6.Ng5 Ng6 7.O-O Be7 8.Qh5 Bxg5
9.Bxg5 f6 10.Be3 d6 11.f4 O-O 12.Rf3 Rf7 13.f5 Nf8 14.Nd2 Re7 15.g4 Qe8 16.Qh4
h6 17.Qg3 Qd8 18.h4 exf5 19.gxf5 Kh8 20.Kh1 d5 21.Bxc5 Rb7 22.Rg1

[Event "2 Bundesliga Mitte 2007/2008"]
[Site "VOecklabruck"]
[Date "2008.03.02"]
[Round "9"]
[Board "5"]
[White "Poetz, Florian"]
[Black "Halvax, Georg"]
[Result "1/2-1/2"]
[WhiteElo "2174"]
[BlackElo "2059"]
[PlyCount "51"]
[EventDate "2007.10.13"]
[EventType "team"]
[EventRounds "11"]
[EventCountry "AUT"]
[WhiteTeam "SK Sparkasse Fuerstenfeld"]
[BlackTeam "Kl Zeitung MPOe Maria Saal"]

1.Nc3 c5 2.e4 Nc6 3.Nge2 Nf6 4.g3 g6 5.Bg2 Bg7 6.d3 d6 7.h3 O-O 8.O-O Rb8 9.f4
Nd7 10.Be3 Nd4 11.a4 a6 12.Qd2 b5 13.axb5 axb5 14.Nd1 Bb7 15.Bxd4 cxd4 16.Nf2
Qb6 17.g4 b4 18.b3 Ra8 19.Rfc1 Ra5 20.Nd1 Rfa8 21.Rxa5 Qxa5 22.Rb1 Qa2 23.Qc1
Nb6 24.Rb2 Qa3 25.Rb1 Qa2 26.Rb2

[Event "2 Bundesliga Mitte 2007/2008"]
[Site "VOecklabruck"]
[Date "2008.03.02"]
[Round "9"]
[Board "6"]
[White "Lako, Laszlo"]
[Black "Radnetter, Georg"]
[Result "1/2-1/2"]
[WhiteElo "2178"]
[BlackElo "2106"]
[PlyCount "46"]
[EventDate "2007.10.13"]
[EventType "team"]
[EventRounds "11"]
[EventCountry "AUT"]
[WhiteTeam "Kl Zeitung MPOe Maria Saal"]
[BlackTeam "SK Sparkasse Fuerstenfeld"]

1.d4 Nf6 2.c4 e6 3.Nf3 Bb4+ 4.Bd2 c5 5.Bxb4 cxb4 6.g3 O-O 7.Bg2 d6 8.O-O Nc6
9.a3 a5 10.Qb3 Bd7 11.axb4 Nxb4 12.Nc3 Qc7 13.Nd2 Rfc8 14.Na2 Nxa2 15.Rxa2 Bc6
16.Rfa1 Bxg2 17.Kxg2 b6 18.Qb5 Rab8 19.b4 axb4 20.Qxb4 b5 21.cxb5 Nd5 22.Qa5 Nc3
23.Qxc7 Rxc7

[Event "2 Bundesliga Mitte 2007/2008"]
[Site "VOecklabruck"]
[Date "2008.03.02"]
[Round "9"]
[Board "1"]
[White "Mohr, Georg"]
[Black "Rogic, Davor"]
[Result "1/2-1/2"]
[WhiteElo "2480"]
[BlackElo "2505"]
[PlyCount "21"]
[EventDate "2007.10.13"]
[EventType "team"]
[EventRounds "11"]
[EventCountry "AUT"]
[WhiteTeam "Strassenbahn Graz"]
[BlackTeam "SV ASVOe Raika St Veit/Glan"]

1.e4 e5 2.Nf3 Nc6 3.Bb5 a6 4.Ba4 Nf6 5.O-O Be7 6.Re1 b5 7.Bb3 d6 8.c3 O-O 9.h3
Bb7 10.d4 Re8 11.Ng5

[Event "2 Bundesliga Mitte 2007/2008"]
[Site "VOecklabruck"]
[Date "2008.03.02"]
[Round "9"]
[Board "2"]
[White "Neubauer, Martin"]
[Black "Butunoi, Alexandru"]
[Result "1-0"]
[WhiteElo "2453"]
[BlackElo "2403"]
[PlyCount "83"]
[EventDate "2007.10.13"]
[EventType "team"]
[EventRounds "11"]
[EventCountry "AUT"]
[WhiteTeam "SV ASVOe Raika St Veit/Glan"]
[BlackTeam "Strassenbahn Graz"]

1.e4 g6 2.d4 Bg7 3.Nc3 c6 4.Nf3 d6 5.Be3 Qb6 6.a3 Qc7 7.Qd2 Nd7 8.Bd3 b5 9.d5 a6
10.dxc6 Qxc6 11.e5 d5 12.Nd4 Qb7 13.f4 Nb6 14.b3 Nh6 15.h3 f6 16.exf6 Bxf6
17.O-O O-O 18.a4 b4 19.Nce2 a5 20.Rae1 e6 21.Nf3 Nf7 22.Bd4 Nd7 23.Bxf6 Nxf6
24.Ned4 Qb6 25.Qe3 Re8 26.Kh2 Bd7 27.Ne5 Nxe5 28.fxe5 Nh5 29.g4 Ng7 30.Rf4 Rf8
31.Ref1 Qc7 32.Kg2 Rae8 33.Qf2 Qc5 34.Rf7 Rxf7 35.Qxf7+ Kh8 36.Nf3 Bc6 37.Ng5
d4+ 38.Kg1 Rg8 39.Qf6 Be8 40.Nxe6 Qd5 41.Nxg7 Rxg7 42.Bc4

[Event "2 Bundesliga Mitte 2007/2008"]
[Site "VOecklabruck"]
[Date "2008.03.02"]
[Round "9"]
[Board "4"]
[White "Hebesberger, Thomas"]
[Black "Pesorda, Ivan"]
[Result "1/2-1/2"]
[WhiteElo "2349"]
[BlackElo "2270"]
[PlyCount "61"]
[EventDate "2007.10.13"]
[EventType "team"]
[EventRounds "11"]
[EventCountry "AUT"]
[WhiteTeam "SV ASVOe Raika St Veit/Glan"]
[BlackTeam "Strassenbahn Graz"]

1.d4 Nf6 2.Bg5 c5 3.Bxf6 gxf6 4.d5 Qb6 5.Qc1 f5 6.c4 Bg7 7.Nc3 Qa5 8.e3 Bxc3+
9.bxc3 d6 10.Bd3 Nd7 11.Ne2 Nb6 12.a4 Bd7 13.O-O e6 14.Qb1 O-O-O 15.e4 fxe4
16.Bxe4 Qa6 17.dxe6 fxe6 18.Bxh7 Qxc4 19.a5 Nd5 20.Qe4 Qa6 21.Bg6 Rh6 22.Bf7 Rf8
23.Qg4 Rxf7 24.Qg8+ Kc7 25.Qxf7 Qxe2 26.Rfb1 Qa6 27.Qg7 Rh4 28.g3 Rc4 29.h4 Nxc3
30.Re1 Ne4 31.h5

[Event "2 Bundesliga Mitte 2007/2008"]
[Site "VOecklabruck"]
[Date "2008.03.02"]
[Round "9"]
[Board "5"]
[White "Krebs, Johann"]
[Black "Hoelzl, Franz"]
[Result "1/2-1/2"]
[WhiteElo "2241"]
[BlackElo "2374"]
[PlyCount "21"]
[EventDate "2007.10.13"]
[EventType "team"]
[EventRounds "11"]
[EventCountry "AUT"]
[WhiteTeam "Strassenbahn Graz"]
[BlackTeam "SV ASVOe Raika St Veit/Glan"]

1.d4 Nf6 2.c4 e6 3.Nf3 c5 4.d5 b5 5.Bg5 exd5 6.cxd5 d6 7.a4 b4 8.e4 Be7 9.Bb5+
Nbd7 10.O-O O-O 11.Nbd2

[Event "2 Bundesliga Mitte 2007/2008"]
[Site "VOecklabruck"]
[Date "2008.03.02"]
[Round "9"]
[Board "6"]
[White "Mazi, Leon"]
[Black "Kastner, Walter"]
[Result "1-0"]
[WhiteElo "2348"]
[BlackElo "2237"]
[PlyCount "101"]
[EventDate "2007.10.13"]
[EventType "team"]
[EventRounds "11"]
[EventCountry "AUT"]
[WhiteTeam "SV ASVOe Raika St Veit/Glan"]
[BlackTeam "Strassenbahn Graz"]

1.e4 e5 2.Nf3 Nf6 3.Nxe5 d6 4.Nf3 Nxe4 5.Qe2 Qe7 6.d3 Nf6 7.Bg5 Nbd7 8.Nc3 Qxe2+
9.Bxe2 c6 10.O-O-O Be7 11.Rhe1 Nf8 12.h3 Ne6 13.Bd2 Bd7 14.Bf1 O-O 15.g4 Rfe8
16.Bg2 Bf8 17.Nh4 d5 18.f4 Bd6 19.Ne2 Nf8 20.Bf3 Ng6 21.Ng2 Re7 22.g5 Ne8 23.Rh1
Nc7 24.Rdf1 Rf8 25.h4 Ree8 26.Ng3 Ne7 27.h5 Ne6 28.Bg4 Bc8 29.Ne2 Nc7 30.Bxc8
Rxc8 31.f5 Rfe8 32.Kd1 c5 33.f6 Nc6 34.fxg7 Kxg7 35.Ne3 Ne7 36.Ng4 Ne6 37.g6
fxg6 38.Bh6+ Kh8 39.Nf6 g5 40.Nxe8 Rxe8 41.Rhg1 Be5 42.c3 d4 43.Bxg5 Nxg5
44.Rxg5 Nd5 45.Kd2 h6 46.Rg6 Bg7 47.c4 Ne7 48.Re6 Rf8 49.Rxf8+ Bxf8 50.Nf4 Kg7
51.Ng6

[Event "2 Bundesliga Mitte 2007/2008"]
[Site "Fuerstenfeld"]
[Date "2008.04.05"]
[Round "10"]
[Board "1"]
[White "Kovacevic, Blazimir"]
[Black "Mohr, Georg"]
[Result "1/2-1/2"]
[WhiteElo "2482"]
[BlackElo "2480"]
[PlyCount "93"]
[EventDate "2007.10.13"]
[EventType "team"]
[EventRounds "11"]
[EventCountry "AUT"]
[WhiteTeam "SpG Raika Alpine Trofaiach"]
[BlackTeam "Strassenbahn Graz"]

1.d4 d6 2.Nf3 g6 3.c4 Nf6 4.Nc3 Bg7 5.e4 O-O 6.Be2 e5 7.d5 a5 8.Bg5 h6 9.Bh4 Na6
10.Nd2 Nc5 11.O-O Qe8 12.b3 Bd7 13.a3 Nh7 14.f3 h5 15.b4 Na4 16.Nxa4 Bxa4 17.Qe1
Bh6 18.c5 Bb5 19.Nb3 a4 20.Na5 dxc5 21.Nxb7 cxb4 22.axb4 Be3+ 23.Bf2 Bxf2+
24.Rxf2 Bxe2 25.Rxe2 Qb5 26.Na5 Nf6 27.Nc6 Nd7 28.Rea2 Rfe8 29.Qd1 Nb6 30.Qc2
Kg7 31.Qc3 f6 32.h3 Rf8 33.Kh2 Rf7 34.Rc1 Re8 35.Rd2 Nc8 36.Qc5 Nd6 37.Qxb5 Nxb5
38.Rc5 Nd6 39.Ra2 f5 40.exf5 gxf5 41.Rxa4 Kf6 42.Ra2 Rg7 43.Rca5 f4 44.Ra8 Rgg8
45.Rxe8 Rxe8 46.g3 Nf5 47.gxf4

[Event "2 Bundesliga Mitte 2007/2008"]
[Site "Fuerstenfeld"]
[Date "2008.04.05"]
[Round "10"]
[Board "2"]
[White "Butunoi, Alexandru"]
[Black "Bukal, Vladimir Jun"]
[Result "1/2-1/2"]
[WhiteElo "2403"]
[BlackElo "2441"]
[PlyCount "92"]
[EventDate "2007.10.13"]
[EventType "team"]
[EventRounds "11"]
[EventCountry "AUT"]
[WhiteTeam "Strassenbahn Graz"]
[BlackTeam "SpG Raika Alpine Trofaiach"]

1.e4 e6 2.d4 d5 3.Nc3 Nf6 4.Bg5 dxe4 5.Nxe4 Be7 6.Nxf6+ Bxf6 7.Bxf6 Qxf6 8.Nf3
c5 9.c3 cxd4 10.Qxd4 Nd7 11.O-O-O O-O 12.Bb5 Qxd4 13.Rxd4 Nc5 14.b4 a6 15.bxc5
axb5 16.Kb2 f6 17.Rb4 e5 18.Rd1 Be6 19.a3 Rfd8 20.Rxd8+ Rxd8 21.Rxb5 Bd5 22.Kc1
Ra8 23.Kb2 Bc6 24.Rb4 Rd8 25.Kc2 Ra8 26.Kb3 Rd8 27.Kc2 Rd5 28.Nd2 Rxc5 29.f3 Ra5
30.Kb3 Rd5 31.Kc2 Kf8 32.Nb3 f5 33.c4 Rd6 34.Na5 Rg6 35.Nxc6 Rxg2+ 36.Kb3 bxc6
37.a4 c5 38.Rb8+ Ke7 39.a5 Rg1 40.Ka2 Rg6 41.Rb7+ Kd8 42.Kb3 e4 43.fxe4 fxe4
44.Kc3 Kc8 45.Rb5 Rh6 46.Rxc5+ Kb7

[Event "2 Bundesliga Mitte 2007/2008"]
[Site "Fuerstenfeld"]
[Date "2008.04.05"]
[Round "10"]
[Board "3"]
[White "Zaja, Ivan"]
[Black "Supancic, Darko"]
[Result "1-0"]
[WhiteElo "2467"]
[BlackElo "2372"]
[PlyCount "82"]
[EventDate "2007.10.13"]
[EventType "team"]
[EventRounds "11"]
[EventCountry "AUT"]
[WhiteTeam "SpG Raika Alpine Trofaiach"]
[BlackTeam "Strassenbahn Graz"]

1.d4 c5 2.d5 e5 3.e4 d6 4.Nc3 Be7 5.b3 a6 6.a4 Nf6 7.Be2 O-O 8.h4 Ne8 9.Bg4 Nd7
10.Nf3 b6 11.Qe2 Rb8 12.Nd2 Ndf6 13.Bf3 Nc7 14.Nc4 b5 15.Ne3 bxa4 16.Nxa4 Nb5
17.c3 Bd7 18.Qc2 Ne8 19.g3 g6 20.h5 Ng7 21.Nb2 Qc8 22.Nbc4 f5 23.hxg6 hxg6
24.exf5 gxf5 25.g4 e4 26.Bg2 Bf6 27.Bd2 f4 28.Bxe4 Rf7 29.Bh7+ Kf8 30.Bg6 Kg8
31.Nf5 Nxf5 32.gxf5 Re7+ 33.Kf1 Rg7 34.Qd3 Be8 35.Rg1 Bxg6 36.fxg6 Qb7 37.Qf5
Qe7 38.Re1 Be5 39.Nxe5 dxe5 40.Rxe5 Qd7 41.Bxf4 Qd8

[Event "2 Bundesliga Mitte 2007/2008"]
[Site "Fuerstenfeld"]
[Date "2008.04.05"]
[Round "10"]
[Board "4"]
[White "Pesorda, Ivan"]
[Black "Izsak, Gyula"]
[Result "0-1"]
[WhiteElo "2270"]
[BlackElo "2427"]
[PlyCount "68"]
[EventDate "2007.10.13"]
[EventType "team"]
[EventRounds "11"]
[EventCountry "AUT"]
[WhiteTeam "Strassenbahn Graz"]
[BlackTeam "SpG Raika Alpine Trofaiach"]

1.d4 Nf6 2.c4 e6 3.Nc3 d5 4.Bg5 Be7 5.e3 Nbd7 6.Rc1 c6 7.Nf3 O-O 8.Bd3 b6 9.cxd5
exd5 10.O-O h6 11.Bh4 Bb7 12.Qa4 Re8 13.Rfd1 Ne4 14.Bxe7 Qxe7 15.Ba6 Ndc5
16.dxc5 Nxc5 17.Qg4 Bxa6 18.Nd4 Qf6 19.Rc2 Bb7 20.b4 Ne6 21.Nf5 Rad8 22.h4 h5
23.Qf3 g6 24.Nd4 Qxh4 25.b5 Nxd4 26.Rxd4 Qe7 27.bxc6 Bxc6 28.Rcd2 Rd6 29.Qd1 Re6
30.Nxd5 Bxd5 31.Rxd5 Qf6 32.Rd7 R8e7 33.Qa4 Rxd7 34.Qxd7 Rc6

[Event "2 Bundesliga Mitte 2007/2008"]
[Site "Fuerstenfeld"]
[Date "2008.04.05"]
[Round "10"]
[Board "5"]
[White "Stuhlik, Marko"]
[Black "Krebs, Johann"]
[Result "0-1"]
[WhiteElo "2252"]
[BlackElo "2241"]
[PlyCount "102"]
[EventDate "2007.10.13"]
[EventType "team"]
[EventRounds "11"]
[EventCountry "AUT"]
[WhiteTeam "SpG Raika Alpine Trofaiach"]
[BlackTeam "Strassenbahn Graz"]

1.b3 Nf6 2.Bb2 g6 3.Nf3 Bg7 4.e3 O-O 5.Be2 c5 6.c4 Nc6 7.O-O d6 8.d3 a6 9.Nbd2
b5 10.Rb1 Bd7 11.Ne4 Nxe4 12.dxe4 b4 13.Bxg7 Kxg7 14.Ne1 a5 15.Nd3 a4 16.Rb2
axb3 17.axb3 Ne5 18.Nf4 Bc6 19.Bd3 Ra3 20.Bb1 Qa8 21.f3 Ra1 22.Rff2 Qb7 23.h3
Rd8 24.Rfd2 Rda8 25.Kf2 Qa7 26.Ne2 Nd7 27.g4 h6 28.Qc2 Nf6 29.Ng3 Rh8 30.h4 h5
31.g5 Nd7 32.f4 Qb7 33.Rd1 Qc8 34.Qc1 Ra3 35.e5 dxe5 36.f5 e4 37.Bxe4 Ne5 38.Qb1
Rd8 39.Rxd8 Qxd8 40.Ke2 Qa8 41.Bxc6 Qxc6 42.Qe4 Qxe4 43.Nxe4 gxf5 44.Nxc5 Ra1
45.Rd2 Rh1 46.Rd4 Ng4 47.Na6 e5 48.Rd8 Rh2+ 49.Kf3 Rh3+ 50.Ke2 Rxe3+ 51.Kd2 Rxb3

[Event "2 Bundesliga Mitte 2007/2008"]
[Site "Fuerstenfeld"]
[Date "2008.04.05"]
[Round "10"]
[Board "6"]
[White "Kastner, Walter"]
[Black "Spirk, Stefan"]
[Result "1-0"]
[WhiteElo "2237"]
[BlackElo "2130"]
[PlyCount "77"]
[EventDate "2007.10.13"]
[EventType "team"]
[EventRounds "11"]
[EventCountry "AUT"]
[WhiteTeam "Strassenbahn Graz"]
[BlackTeam "SpG Raika Alpine Trofaiach"]

1.e4 e6 2.d4 d5 3.Nc3 Bb4 4.e5 c5 5.a3 Bxc3+ 6.bxc3 Ne7 7.Qg4 Kf8 8.Bd2 b6 9.Nf3
h6 10.Bd3 Ba6 11.O-O Bxd3 12.cxd3 Nd7 13.h4 Kg8 14.h5 Rc8 15.Nh4 c4 16.f4 cxd3
17.f5 exf5 18.Nxf5 Nxf5 19.Rxf5 Qe7 20.Raf1 Rf8 21.Rf6 Rh7 22.Rd6 Nxe5 23.dxe5
Qxe5 24.Rd7 f5 25.Qf3 g5 26.Rxd5 Qe4 27.Qxd3 Qxd3 28.Rxd3 f4 29.Re1 Rhf7 30.Re6
Kg7 31.Rdd6 Rf6 32.Rxf6 Rxf6 33.Rd7+ Rf7 34.Rxf7+ Kxf7 35.Kf2 Ke6 36.g3 fxg3+
37.Kxg3 Kf5 38.c4 Ke4 39.Bxg5

[Event "2 Bundesliga Mitte 2007/2008"]
[Site "Fuerstenfeld"]
[Date "2008.04.05"]
[Round "10"]
[Board "1"]
[White "Farago, Ivan"]
[Black "Schenk, Andreas"]
[Result "1/2-1/2"]
[WhiteElo "2504"]
[BlackElo "2509"]
[PlyCount "125"]
[EventDate "2007.10.13"]
[EventType "team"]
[EventRounds "11"]
[EventCountry "AUT"]
[WhiteTeam "SC Ansfelden 2"]
[BlackTeam "SK Sparkasse Fuerstenfeld"]

1.d4 Nf6 2.c4 e6 3.Nf3 d5 4.Nc3 dxc4 5.e4 Bb4 6.Bg5 c5 7.e5 h6 8.exf6 hxg5
9.fxg7 Rg8 10.dxc5 Qxd1+ 11.Rxd1 Rxg7 12.Rd4 Bxc5 13.Rxc4 Na6 14.Rg4 Be7 15.h4
Bd7 16.hxg5 O-O-O 17.Bb5 Nc5 18.Bxd7+ Rxd7 19.Ke2 Rd8 20.b4 Nd7 21.Rd1 Nb6
22.Rxd8+ Bxd8 23.a4 f5 24.Rh4 Bxg5 25.Nxg5 Rxg5 26.Rh8+ Kd7 27.Rh7+ Kc6 28.b5+
Kc5 29.Rxb7 Kb4 30.a5 Kxa5 31.Rxa7+ Kb4 32.Rb7 Nc4 33.Na2+ Kc5 34.Kf1 Nd2+
35.Ke1 Nc4 36.g3 f4 37.gxf4 Rf5 38.Nc1 Rd5 39.Rb8 Rd6 40.Ne2 Rd3 41.Ng3 Nd6
42.b6 Rb3 43.Nh5 Rxb6 44.Rxb6 Kxb6 45.Ng7 Kc6 46.Nxe6 Kd7 47.Ng5 Ke7 48.Ke2 Kf6
49.Kf3 Kf5 50.Kg3 Ne8 51.Nf3 Nd6 52.Nh4+ Kf6 53.Kf3 Nc4 54.Ng2 Nd6 55.Ne3 Kg6
56.Kg4 Ne4 57.f5+ Kf6 58.f3 Nf2+ 59.Kf4 Nd3+ 60.Ke4 Nf2+ 61.Kd4 Nh3 62.Kd5 Ng5
63.f4